00851cam a2200241 a 45000010005000000030008000050050017000130080039000300350018000690350014000870400040001010410008001410820016001491000024001652450066001892600042002553000025002975020082003225040031004049420012004359990015004479520147004625153BD-RjUL20211208234023.0131224s1964 ii b 000 0 eng a(BD-RjUL)5189 a(BD-RjUL) aOCLCbengcOCLCdOCLCdANLdBD-RjUL aeng 2364.36bATJ1 aAttar, A. D.91623610aJuvenile delinquency :ba comparative studyc[by] A.D. Attar. aBombay ;bPopular Prakashan ;c[1964] axi, 192 p. ;c22 cm. aOriginally presented as the author's thesis (M.A.- University of Birmingham.) aBibliograhy: p. [163]-177. 2ddccBK c5153d5153 00102ddc40718NFICaRUCLbRUCLcstackd1990-05-23eKarim Internationalg15.00l0o364.36 ATJ 1964r2013-12-24 00:00:00tC-1w2013-12-24yBK